Mystery Taylor Swift Song #85 - Statistics

General Stats
  • This quiz has been taken 288 times
  • The average score is 101 of 222
Answer Stats
Song % Correct
I
95%
the
93%
you
93%
a
92%
love
89%
me
89%
an
87%
Speak Now
86%
We
85%
be
84%
in
84%
your
84%
and
83%
And
83%
my
81%
to
81%
on
80%
On
80%
it
78%
of
78%
one
77%
were
77%
We're
77%
when
77%
mine
75%
Time
75%
time
75%
by
74%
so
74%
that
73%
for
72%
have
72%
There
72%
You're
72%
all
71%
if
71%
no
71%
was
71%
I'm
70%
is
70%
this
70%
would
70%
read
69%
been
68%
it's
68%
us
68%
like
67%
they
67%
But
66%
said
66%
know
65%
night
65%
Cause
62%
don't
62%
saw
62%
single
61%
head
60%
would've
60%
our
59%
back
58%
every
58%
off
58%
Timeless
58%
timeless
58%
timeless"
58%
I'd
57%
did
56%
say
56%
That's
56%
that's
56%
At
55%
Down
54%
down
54%
had
54%
as
53%
let
53%
still
52%
street
51%
life
50%
there's
50%
even
49%
just
49%
somethin'
49%
you'd
49%
their
48%
first
47%
shop
47%
walked
47%
"Stop"
46%
home
45%
letters
45%
something
45%
you'll
45%
fight
44%
right
44%
story
44%
those
44%
war
44%
we'd
44%
antique
43%
"Oh
43%
only
43%
two
43%
another
42%
crowded
42%
find
42%
kind
42%
met
42%
1944
41%
each"
41%
each
41%
fine
41%
once
41%
"Photos:
41%
photos
41%
way
41%
old
40%
block
39%
man
39%
other
39%
face
38%
lifetime
38%
always
37%
cents
37%
God
37%
gonna
37%
supposed
37%
believe
36%
these
36%
box
35%
comin'
35%
different
35%
found
35%
mind
35%
things
35%
We'll
35%
five
34%
house
34%
twenty
34%
instead
33%
thought
33%
turned
33%
counter
32%
couple
32%
eye
32%
hard
32%
marry
32%
prayed
32%
put
32%
sign
32%
stood
32%
1958
31%
cardboard
31%
called
30%
lovers
30%
really
30%
years
30%
came
29%
explain
29%
headed
29%
we've
29%
made
28%
away
27%
date
27%
fell
27%
forgot
27%
porch
27%
ago
26%
book
26%
land
26%
same
26%
Which
26%
about
25%
apart
25%
fate
25%
foreign
25%
hands
25%
kinda
25%
room
25%
round
25%
dance
24%
die
24%
driveway
24%
forced
24%
gray
24%
hair
24%
teenage
24%
Black
23%
bride
23%
sometimes
23%
soul
23%
torn
23%
white
23%
'30s
22%
caught
22%
covered
22%
laughin'
22%
left
22%
lookin'
22%
run
22%
started
22%
turnin'
22%
brought
21%
few
21%
Hundreds
21%
proof
21%
romance
21%
short
21%
somehow
21%
body
20%
breaks
20%
"Hello"
20%
smile
20%
touch
20%
cobwebs
19%
Holdin'
19%
precious
19%
1500s
18%
age
18%
classic
18%
upon
18%
behind
17%
No matching quizzes found
Score Distribution
Percent of People with Each Score
Percentile by Number Answered
Your Score History
You have not taken this quiz